=LDR 00000nam 2200000 4500 =001 INLIS000000000018566 =005 20201211095224 =035 ##$$a 0010-061300000018566 =008 201211################g##########0#ind## =041 ##$$a Ind =082 ##$$a 331.11 =090 ##$$a 658.3, Iri i =100 ##$$a Irianto, Yusuf =245 1#$$a Isu-isu : $b Strategis pengembangan sumber daya manusia /$c Yusuf Irianto =260 ##$$a Surabaya :$b Insan cendekia,$c 2001 =300 ##$$a xi, 105 hlm, ; $c 24 x 15 cm =650 #4$$a Tenaga Kerja-Sumber Daya Manusia =850 ##$$a NBPNMAT =020 ##$$a 979-9408-18-0 =084 ##$$a 331.11 IRI i =250 ##$$a cet.1 =990 ##$$a 00088104 =990 ##$$a 1200100567